Environmental law / (Record no. 343588)
[ view plain ]
| 000 -LEADER | |
|---|---|
| fixed length control field | 00574 a2200169 4500 |
| 020 ## - INTERNATIONAL STANDARD BOOK NUMBER | |
| International Standard Book Number | 9698296018 |
| 020 ## - INTERNATIONAL STANDARD BOOK NUMBER | |
| International Standard Book Number | 9789698296018 |
| 090 ## - LOCALLY ASSIGNED LC-TYPE CALL NUMBER (OCLC); LOCAL CALL NUMBER (RLIN) | |
| -- | 1054 |
| -- | 1054 |
| 100 1# - MAIN ENTRY--PERSONAL NAME | |
| Personal name | Moini, S. M. Saleem. |
| 245 10 - TITLE STATEMENT | |
| Title | Environmental law / |
| Statement of responsibility, etc. | S. M. Saleem Moini. |
| 260 ## - PUBLICATION, DISTRIBUTION, ETC. | |
| Place of publication, distribution, etc. | [S.l.] : |
| Name of publisher, distributor, etc. | Ibrahim Publishers, |
| Date of publication, distribution, etc. | 1995. |
| 300 ## - PHYSICAL DESCRIPTION | |
| Extent | 262 p. |
| 500 ## - GENERAL NOTE | |
| General note | Unknown Binding. |
| 856 40 - ELECTRONIC LOCATION AND ACCESS | |
| Materials specified | Amazon.com |
| Uniform Resource Identifier | <a href="http://www.amazon.com/exec/obidos/ASIN/9698296018/chopaconline-20">http://www.amazon.com/exec/obidos/ASIN/9698296018/chopaconline-20</a> |
| 856 40 - ELECTRONIC LOCATION AND ACCESS | |
| Materials specified | Amazon customer reviews |
| Uniform Resource Identifier | <a href="http://www.chopac.org/cgi-bin/tools/azrev.pl?q=9698296018">http://www.chopac.org/cgi-bin/tools/azrev.pl?q=9698296018</a> |
| 942 ## - ADDED ENTRY ELEMENTS (KOHA) | |
| Institution code [OBSOLETE] | NBS |
| Koha item type | Book |
| Call number prefix | 344.046 MOI |
| Withdrawn status | Lost status | Damaged status | Not for loan | Permanent Location | Current Location | Date acquired | Total Checkouts | Full call number | Barcode | Date last seen | Date last checked out | Price effective from | Koha item type | Checked out |
|---|---|---|---|---|---|---|---|---|---|---|---|---|---|---|
| NUST Law School (NLS) | NUST Law School (NLS) | 08/28/2013 | 1 | 344.046 MOI | NBS4273 | 11/23/2017 | 08/18/2017 | 08/28/2013 | Book | |||||
| NUST Law School (NLS) | NUST Law School (NLS) | 08/28/2013 | 2 | 344.046 MOI | NBS1917 | 03/16/2026 | 02/04/2026 | 08/28/2013 | Book | |||||
| NUST Law School (NLS) | NUST Law School (NLS) | 08/28/2013 | 2 | 344.046 MOI | NBS1916 | 04/13/2026 | 01/30/2026 | 08/28/2013 | Book | |||||
| NUST Law School (NLS) | NUST Law School (NLS) | 08/28/2013 | 3 | 344.046 MOI | NBS3323 | 01/30/2026 | 01/30/2026 | 08/28/2013 | Book | 03/01/2026 |
